LDR 00838naa#a2200217#i#450# 001 EN\INFRA-M\bibl\98513 005 20260419114930.7 011 ## _a2712-9640 100 ## _a20260325b2026####ek#y0engy0150####ca 101 0# _aRUS 102 ## _aRU 200 1# _aAnalyzing events of simultaneous ground-based registration of auroral hiss bursts and riometric absorption increase _eJournal article 210 1# _aMoscow _cINFRA-M Academic Publishing LLC. _d2026 215 ## _a9 с. 608 ## _aJournal article _2local 675 ## _aНаблюдение и регистрация явлений. Наглядная демонстрация явлений. 53.05 _zRUS 700 #1 _aNikitenko _gAleksandr Sergeevich 700 #1 _aLebed _gOlga Mihaylovna 700 #1 _aLarchenko _gAleksey Viktorovich 700 #1 _aFedorenko _gYuriy Valentinovich 856 4# _anaukaru.ru _u